| 000 | 00428nam a2200181Ia 4500 | ||
|---|---|---|---|
| 005 | 20250603145918.0 | ||
| 008 | 250603s9999 xx 000 0 und d | ||
| 020 | _a9781424231481 | ||
| 050 | _aPE 1075 .A54/ | ||
| 100 | _aAlgeo, John. | ||
| 245 | 4 | _aThe origins and development of the English language | |
| 260 | _aBoston | ||
| 260 | _bWadsworth | ||
| 260 | _c2010 | ||
| 300 | _a347 p | ||
| 650 | _aBoston | ||
| 942 | _cBK | ||
| 999 |
_c43225 _d43225 |
||